00775nam a22002177a 450000500170000001000130001702000260003003500130005603700160006904000120008508200180009724501580011526000870027327000370036030000280039750000190042565000380044465000290048270000210051170000250053220170124105921.0 aB-158248 c675.00a9788178270685 aB-158248 bCen Lib/Ret aDPLbEN a323.0954bRES aRestoration of human rights and dignity to dalits :cedited by Ram Gopal Singh [and] Ravindra D. Gadkar bwith special reference to scavengers in India / aMadhya PradeshbDr. Babasaheb Ambedkar National Institute of Social Sciencesc2004 bMhowaDr. Ambedkar Nagare453441 axvii, 358p. :c24cm(Hb) aIncludes index aHuman Rights-Dalits IssueszIndia aDalit Women- Empowerment aGopal Singh, Ram aGadkar, Ravindra D.